|
|
|
|
| LEADER |
01367nam a22003252a 4500 |
| 001 |
001137765 |
| 003 |
CZ BrMZK |
| 005 |
20160703130622.0 |
| 007 |
ta |
| 008 |
110204s1947 xr er|||||||||||cze d |
| 015 |
|
|
|a cnb000667658
|
| 035 |
|
|
|a (OCoLC)35098758
|
| 040 |
|
|
|a ABA001
|b cze
|c OLA001
|d ABA001
|
| 080 |
9 |
|
|a 92Masaryk
|
| 100 |
1 |
|
|a Hromádka, Josef Lukl,
|d 1889-1969
|7 jk01042820
|4 aut
|
| 245 |
1 |
0 |
|a Masaryk mezi včerejškem a zítřkem :
|b Československý boj o novou Evropu /
|c J.L. Hromádka
|
| 250 |
|
|
|a Druhé opravené a doplněné vydání
|
| 260 |
|
|
|a Praha :
|b YMCA v Československu, vydavatelské oddělení,
|c 1947
|
| 300 |
|
|
|a 125, [ii] s. ;
|c 8°
|
| 490 |
1 |
|
|a Knihovna Křesťanské revue ;
|v sv. 12
|
| 500 |
|
|
|a 5000 výt.
|
| 830 |
|
0 |
|a Knihovna Křesťanské revue
|0 s
|
| 856 |
4 |
1 |
|u http://www.digitalniknihovna.cz/mzk/uuid/uuid:823ebf60-1b1d-11e5-855a-5ef3fc9ae867
|y Digitalizovaný dokument
|x NDK
|
| 910 |
|
|
|a BOA001
|b Mas-0147.666,12
|b PK-I-0023.118
|
| 920 |
|
|
|a 000298645
|
| 990 |
|
|
|a BK
|
| 991 |
|
|
|b 201101
|
| 996 |
6 |
|
|b 2619198131
|c Mas-0147.666,12
|l MZK
|r Sklad / do 1 hodiny
|n 0
|w 001168311
|u 000020
|a 1
|e BOA001
|j MZK50
|s P
|
| 996 |
6 |
|
|b 2619340374
|c Mas-0147.666,12
|l MZK
|r Sklad / do 1 hodiny
|n 1
|w 001168311
|u 000010
|a 1
|e BOA001
|j MZK50
|s P
|
| 996 |
7 |
|
|b 3119922937
|c PK-I-0023.118
|l MZK
|r Sklad / do 1 hodiny
|n 5
|w 001168311
|u 000030
|a 1
|e BOA001
|j MZK50
|s A
|